Normal view
MARC view
Entry Personal Name
001 - CONTROL NUMBER
- control field: 5213
003 - CONTROL NUMBER IDENTIFIER
- control field: BD-RjUL
005 - DATE AND TIME OF LATEST TRANSACTION
- control field: 20221012165508.0
008 - FIXED-LENGTH DATA ELEMENTS
- fixed length control field: 221012|| aca||aabn | a|a d
040 ## - CATALOGING SOURCE
- Original cataloging agency: BD-RjUL
- Transcribing agency: BD-RjUL
100 ## - HEADING--PERSONAL NAME
- Personal name: Paul, Gour Chandra
670 ## - SOURCE DATA FOUND
- Source citation: Work cat.: (BD-RjUL)80520: Paul, Gour Chandra, Investigation of some aspccts of protoplanctary model of planetary formation /, 2005